00423nam a22001572 4500001001100000005001700011008004100028020001700069040001500086050001700101100003400118245002500152260003600177300001100213650004100224000000356520151217145736.0070509s xx 000 0 eng d a0043700497 : aKABUcKABU 0aLB1051b.O231 aO'Connell, Brian.@000015356910aAspects of learning. aLondon :bAllen & Unwin,c1973. a144 p. 0aLearning, Psychology of.@0000153570